| 000 | 00529nam a2200181 4500 | ||
|---|---|---|---|
| 001 | 43007 | ||
| 090 | _a43007 | ||
| 100 | _a20240417 pory50 | ||
| 101 |
_apor _aing |
||
| 102 | _aPT | ||
| 200 |
_aHarry Potter e a Pedra Filosofal _dAno um _frealiz. Chris Columbos _gprod. David Heyman _gact.s : Daniel Radclife , Rupert Grant , Emma Watson |
||
| 210 | _cWarner Bros Pictures | ||
| 215 | _a1 DVD | ||
| 300 | _a152 min M/6 | ||
| 314 | _abaseado na obra de J.K. Rowling | ||
| 675 | _a92-312.9 | ||
| 801 |
_aPT _gRPC |
||
| 990 | _cFILMES DVD | ||